[Event "Romanian Team Rapid Open 2022"]
[Site "Sebes"]
[Date "2022.12.03"]
[Round "8.32"]
[White "Butuza, Stefan Aurelian"]
[Black "Zaim, Marian"]
[Result "*"]
[WhiteElo "1529"]
[BlackElo "1935"]
[Annotator "TA"]
[PlyCount "34"]
[EventDate "2022.12.03"]
[EventType "rapid"]
[EventCountry "ROU"]
[SourceTitle "playchess.com"]
[Source "ChessBase"]
[SourceQuality "1"]

{[%evp 9,20,19,83,87,100,102,110,79,75,17,27,38,85]} 1. e4 e5 2. Nc3 c6 3. f4 d6 4. Nf3 Nf6 5. d3 Be7 (5... Nbd7 $11) 6. fxe5 $16 {C25: Vienna Game: Alternatives to 2...Nf6.} dxe5 7. Nxe5 Nbd7 8. Nxd7 {White is more active.} Bxd7 9. g3 (9. Qf3 $16) 9... O-O $11 10. Bg2 Ng4 {[#]   Weighted Error Value: White=0.32/Black=0.29 (precise)} (10... Qb6 $14 {should be considered.}) {Predecessor:} 11. Bh3 $146 Nf2 12. Kxf2 Bxh3 13. Be3 f5 14. Ke1 fxe4 15. Nxe4 Qd7 16. Nf2 Qe6 17. Nxh3 Qxe3+ {½-½ (30) Dragut,S (1217)-Topircean,I (1290) Sebes 2022} *

[Event "Romanian Team Rapid Open 2022"]
[Site "Sebes"]
[Date "2022.12.03"]
[Round "8.32"]
[White "Dragut, Stefan-Cristian"]
[Black "Topircean, Ioan"]
[Result "1/2-1/2"]
[WhiteElo "1217"]
[BlackElo "1290"]
[Annotator "NA RC COMBH"]
[PlyCount "59"]
[EventDate "2022.12.03"]
[EventType "rapid"]
[EventCountry "ROU"]
[SourceTitle "playchess.com"]
[Source "ChessBase"]
[SourceQuality "1"]

1. e4 e5 2. Nc3 c6 3. f4 d6 4. Nf3 Nf6 5. d3 Be7 6. fxe5 dxe5 7. Nxe5 Nbd7 8. Nxd7 Bxd7 9. g3 O-O 10. Bg2 Ng4 11. Bh3 Nf2 12. Kxf2 Bxh3 13. Be3 f5 14. Ke1 fxe4 15. Nxe4 Qd7 16. Nf2 Qe6 17. Nxh3 Qxe3+ 18. Qe2 Qc5 19. Nf4 Rxf4 20. gxf4 Re8 21. Kd1 Qd5 22. Rg1 Kf8 23. Qg4 Bf6 24. Qg2 Qd4 25. c3 Qxd3+ 26. Qd2 Qf3+ 27. Kc1 Re2 28. Qd6+ Be7 29. Qd4 Bf6 30. Qd6+ 1/2-1/2

[Event "Romanian Team Rapid Open 2022"]
[Site "Sebes"]
[Date "2022.12.03"]
[Round "8.33"]
[White "Butuza, Stefan Aurelian"]
[Black "Zaim, Marian"]
[Result "*"]
[WhiteElo "1529"]
[BlackElo "1935"]
[Annotator "TA"]
[PlyCount "39"]
[EventDate "2022.12.03"]
[EventType "rapid"]
[EventCountry "ROU"]
[SourceTitle "playchess.com"]
[Source "ChessBase"]
[SourceQuality "1"]

{[%evp 9,25,25,87,82,93,74,100,77,72,18,19,25,83,-69,-70,-63,-68,-72]} 1. e4 e5 2. Nc3 c6 3. f4 d6 4. Nf3 Nf6 5. d3 Be7 (5... Nbd7 $11) 6. fxe5 $16 {C25: Vienna Game: Alternatives to 2...Nf6.} dxe5 7. Nxe5 Nbd7 8. Nxd7 {White is more active. White is better.} Bxd7 9. g3 (9. Qf3 $16) 9... O-O 10. Bg2 Ng4 {[#]} (10... Qb6 $1 $11) 11. Bh3 $2 {[#]} (11. h3 $1 $16 {[%cal Rh3g4]} Nf6 12. O-O) 11... Nf2 $15 {[%mdl 64]} 12. Kxf2 Bxh3 13. Be3 $1 {[#]   Weighted Error Value: White=0.62/Black=0.30} {Predecessor:} f5 $146 14. Ke1 fxe4 15. Nxe4 Qd7 16. Nf2 Qe6 17. Nxh3 Qxe3+ 18. Qe2 Qc5 19. Nf4 Rxf4 20. gxf4 {½-½ (30) Dragut,S (1217)-Topircean,I (1290) Sebes 2022} *